Les plus grandes villes du bassin du Gange-Brahmapoutre sur une carte - Statistiques

Statistiques générales
  • Ce quiz a été pris 264 fois
  • Le résultat moyen est 6 sur 15
Réponses sur la Carte
Les réponses sont colorées sur une échelle allant du rouge au vert en fonction du pourcentage des utilisateurs qui les ont devinées à leur premier essai. Vous pouvez retrouver ces pourcentages ci-dessous.
 
Statistiques - réponses
Population Pays Villes % Correct
18 394 912 Inde Delhi
97%
11 086 309 Bangladesh Dacca
92%
2 041 578 Népal Katmandou
91%
14 057 991 Inde Calcutta
90%
3 046 163 Inde Jaipur
45%
1 760 285 Inde Agra
43%
2 902 920 Inde Lucknow
40%
1 432 280 Inde Varanasi
23%
2 049 156 Inde Patna
20%
2 920 496 Inde Kanpur
19%
2 170 295 Inde Indore
18%
1 886 100 Inde Bhopal
17%
2 375 820 Inde Ghaziabad
7%
1 636 441 Bangladesh Narayanganj
7%
1 820 374 Bangladesh Gazipur
5%
Aucun quiz correspondant
Distribution des résultats
% des personnes avec chaque résultat
Percentile par nombre de réponses
Votre historique - résultats
Vous n’avez pas pris ce quiz